Trader Joe's Pumpkin Spice Palooza Quiz Stats

 Plays Quiz not verified by Sporcle

Score 0/25 Timer 03:00
0 Plays Today
% Correct
Pumpkin Bread and Muffin Mix
86.5%
Pumpkin Bagels
82.9%
Pumpkin Cheesecake
82.6%
Pumpkin Cream Cheese
81.1%
Pumpkin Frosted Toaster Pastries
80.6%
Pecan Pumpkin Instant Oatmeal
80.2%
Pumpkin Joe-Joe's Cookies
79.2%
Pumpkin Butter
79%
Pumpkin Ale
77.9%
Pumpkin Pie
75.8%
Pumpkin Spice Coffee
73.7%
Pumpkin Biscotti
73%
Pumpkin Chai Spice Loaf
70.4%
% Correct
Pumpkin O's Cereal
69.3%
Pumpkin Honey Roasted Ravioli
67.8%
Pumpkin Greek Yogurt
67.1%
Pumpkin Spice Almond Beverage
67.1%
Pumpkin Ginger Mini Ice Cream Cones
67%
Pumpkin Flavored Dog Treats
65.8%
Pumpkin Marble Mousse Bars
63.9%
Pumpkin Spiced Pumpkin Seeds
58.7%
Pumpkin Spice Organic Granola Bark
57.9%
Pumpkin Body Butter
55.2%
Spiced Pumpkin Madeleines
48%
Pumpkin Tortilla Chips
40%

You're not logged in!

Compare scores with friends on all Sporcle quizzes.
OR
Log In

Sporcle TV

Today on Sporcle TV


Watch our educational content, quiz creation guides, and fun videos on Sporcle TV.

Show Comments

Extras

Top Quizzes Today


Score Distribution

Your Account Isn't Verified!

In order to create a playlist on Sporcle, you need to verify the email address you used during registration. Go to your Sporcle Settings to finish the process.

Report this User

Report this user for behavior that violates our Community Guidelines.

Details: